| 000 | 01248cam a2200361 a 4500 | ||
|---|---|---|---|
| 001 | 1143015 | ||
| 003 | OSt | ||
| 005 | 20140310182655.0 | ||
| 008 | 950412s1995 nyua b 001 0 eng | ||
| 010 | _a 95016685 | ||
| 020 | _a 055384007X | ||
| 040 |
_aDLC _cDLC _dDLC |
||
| 050 | 0 | 0 |
_aBF561 _b.G65 1995 |
| 082 | 0 | 0 |
_aM 152.4 _b.G56 1995 |
| 100 | 1 |
_aGoleman, Daniel. _95989 |
|
| 245 | 1 | 0 |
_aEmotional intelligence / _cGoleman, Daniel. |
| 260 |
_aNew York : _bBantam Books, _c1995. |
||
| 300 |
_axiv, 352 p. : _bill. ; _c25 cm. |
||
| 504 | _aIncludes bibliographical references (p. 311-339) and index. | ||
| 521 | _acollege student | ||
| 526 | _c1210L to 1700L | ||
| 541 | _j1 | ||
| 541 | _j2 | ||
| 562 | _e2 | ||
| 650 | 0 |
_aEmotions. _95990 |
|
| 650 | 0 |
_aEmotions and cognition. _95991 |
|
| 650 | 0 |
_aEmotions _xSocial aspects. _95992 |
|
| 856 | 4 | 2 |
_3Publisher description _uhttp://www.loc.gov/catdir/description/random0413/95016685.html |
| 856 | 4 | 2 |
_3Contributor biographical information _uhttp://www.loc.gov/catdir/enhancements/fy0665/95016685-b.html |
| 906 |
_a7 _bcbc _corignew _d1 _eocip _f19 _gy-gencatlg |
||
| 942 |
_2lcc _cBK _kM |
||
| 999 |
_c15104 _d15104 |
||